Fundamentals Of Machine Component Design (Record no. 29235)

MARC details
000 -LEADER
fixed length control field 00405nam a22001697a 4500
003 - CONTROL NUMBER IDENTIFIER
control field OSt
005 - DATE AND TIME OF LATEST TRANSACTION
control field 20220204095053.0
008 - FIXED-LENGTH DATA ELEMENTS--GENERAL INFORMATION
fixed length control field 220204b |||||||| |||| 00| 0 eng d
020 ## - INTERNATIONAL STANDARD BOOK NUMBER
International Standard Book Number 9780471742862
040 ## - CATALOGING SOURCE
Transcribing agency HU
082 ## - DEWEY DECIMAL CLASSIFICATION NUMBER
Classification number 621.815
100 ## - MAIN ENTRY--PERSONAL NAME
Personal name Juvinall C. Robert
9 (RLIN) 29704
245 ## - TITLE STATEMENT
Title Fundamentals Of Machine Component Design
260 ## - PUBLICATION, DISTRIBUTION, ETC.
Place of publication, distribution, etc. Wiley
Name of publisher, distributor, etc. India
300 ## - PHYSICAL DESCRIPTION
Type of unit 769
942 ## - ADDED ENTRY ELEMENTS (KOHA)
Source of classification or shelving scheme Dewey Decimal Classification
Koha item type Books like text book referance book
Suppress in OPAC No
Holdings
Withdrawn status Lost status Source of classification or shelving scheme Damaged status Not for loan Home library Current library Shelving location Date acquired Total Checkouts Full call number Barcode Date last seen Copy number Price effective from Koha item type
    Dewey Decimal Classification     IoT Library IoT Library General Stacks 02/04/2022   621.815/JUV/2006 IOTL0010499 02/04/2022 1 02/04/2022 Books like text book referance book
    Dewey Decimal Classification     IoT Library IoT Library General Stacks 02/04/2022   621.815/JUV/2006 IOTL0010500 02/04/2022 2 02/04/2022 Books like text book referance book
    Dewey Decimal Classification     IoT Library IoT Library General Stacks 02/04/2022   621.815/JUV/2006 IOTL0010501 02/04/2022 3 02/04/2022 Books like text book referance book
    Dewey Decimal Classification     IoT Library IoT Library General Stacks 02/04/2022   621.815/JUV/2006 IOTL0010502 02/04/2022 4 02/04/2022 Books like text book referance book
    Dewey Decimal Classification     IoT Library IoT Library General Stacks 02/04/2022   621.815/JUV/2006 IOTL0010503 02/04/2022 5 02/04/2022 Books like text book referance book
    Dewey Decimal Classification     IoT Library IoT Library General Stacks 02/04/2022   621.815/JUV/2006 IOTL0010504 02/04/2022 6 02/04/2022 Books like text book referance book
    Dewey Decimal Classification     IoT Library IoT Library General Stacks 02/04/2022   621.815/JUV/2006 IOTL0010505 02/04/2022 7 02/04/2022 Books like text book referance book
    Dewey Decimal Classification     IoT Library IoT Library General Stacks 02/04/2022   621.815/JUV/2006 IOTL0010506 02/04/2022 8 02/04/2022 Books like text book referance book
    Dewey Decimal Classification     IoT Library IoT Library General Stacks 02/04/2022   621.815/JUV/2006 IOTL0010507 02/04/2022 9 02/04/2022 Books like text book referance book
    Dewey Decimal Classification     IoT Library IoT Library General Stacks 02/04/2022   621.815/JUV/2006 IOTL0010508 02/04/2022 10 02/04/2022 Books like text book referance book